Khalifah Umar bin Abdul Aziz : (Record no. 1312)

000 -LEADER
fixed length control field nam a22 a 4500
003 - CONTROL NUMBER IDENTIFIER
control field AKMAL
005 - DATE AND TIME OF LATEST TRANSACTION
control field 20170509094939.0
008 - FIXED-LENGTH DATA ELEMENTS--GENERAL INFORMATION
fixed length control field 170509s1997 my | g | 000 0 may d
020 ## - INTERNATIONAL STANDARD BOOK NUMBER
International Standard Book Number 9830980332 (kkt.) :
Terms of availability RM13.50
040 ## - CATALOGING SOURCE
Original cataloging agency AKMAL
Transcribing agency AKMAL
082 ## - DEWEY DECIMAL CLASSIFICATION NUMBER
Classification number 297.61 FIR
090 00 - LOCALLY ASSIGNED LC-TYPE CALL NUMBER (OCLC); LOCAL CALL NUMBER (RLIN)
Classification number (OCLC) (R) ; Classification number, CALL (RLIN) (NR) 297.61 FIR
Local cutter number (OCLC) ; Book number/undivided call number, CALL (RLIN) FIR
100 1# - MAIN ENTRY--PERSONAL NAME
Personal name Firdaus, A. N.,
Titles and words associated with a name Kiyai Haji
9 (RLIN) 2589
245 10 - TITLE STATEMENT
Title Khalifah Umar bin Abdul Aziz :
Remainder of title tokoh kepimpinan dan pejuang keadilan /
Statement of responsibility, etc. K.H.Firdaus A.N. ; adaptasi Fatimah Hj. Omar
260 ## - PUBLICATION, DISTRIBUTION, ETC.
Place of publication, distribution, etc. Batu Caves :
Name of publisher, distributor, etc. Pustaka Ilmi,
Date of publication, distribution, etc. 1997
300 ## - PHYSICAL DESCRIPTION
Extent 225ms. ;
Dimensions 21cm.
500 ## - GENERAL NOTE
General note Mengandungi ayat-ayat dari Quran
600 00 - SUBJECT ADDED ENTRY--PERSONAL NAME
Personal name Muhammad,
Titles and other words associated with a name Prophet,
Dates associated with a name -632
General subdivision Companions
9 (RLIN) 2001
600 00 - SUBJECT ADDED ENTRY--PERSONAL NAME
Personal name 'Umar
Numeration II,
Titles and other words associated with a name Caliph,
Dates associated with a name d. 720
9 (RLIN) 2571
650 10 - SUBJECT ADDED ENTRY--TOPICAL TERM
Topical term or geographic name entry element Islamic Empire
General subdivision History
9 (RLIN) 2590
650 20 - SUBJECT ADDED ENTRY--TOPICAL TERM
Topical term or geographic name entry element Caliphs
Form subdivision Biography
9 (RLIN) 2572
700 0# - ADDED ENTRY--PERSONAL NAME
Personal name Fatimah Hj. Omar
9 (RLIN) 2591
942 ## - ADDED ENTRY ELEMENTS (KOHA)
Source of classification or shelving scheme
Koha item type Book
Holdings
Withdrawn status Lost status Source of classification or shelving scheme Damaged status Not for loan Collection code Home library Current library Shelving location Date acquired Inventory number Total Checkouts Full call number Barcode Date last seen Price effective from Koha item type
          NON-FICTION AKMAL Melaka AKMAL Melaka PINJAMAN 09.05.2017 00583   297.61 FIR 201702475 09.05.2017 09.05.2017 Book
Pusat Sumber Maklumat Dato' Haji Sarmin Md Hussin, Akademi Kastam Diraja Malaysia, Melaka
Tel: 06-2331106 | Faks: 06-2313787